Nonlinear dynamics and chaos : with applications to physics, biology, chemistry, and engineering

Gorde:
Xehetasun bibliografikoak
Egile nagusia: Strogatz, Steven H.
Formatua: Liburua
Argitaratua: Routledge
Etiketak: Etiketa erantsi
Etiketarik gabe, Izan zaitez lehena erregistro honi etiketa jartzen!

MARC

LEADER 00000nam a2200000Ia 4500
005 20260515061618.0
100 |a Strogatz, Steven H. 
020 |a 9781032791654 
942 |c BK 
245 |a Nonlinear dynamics and chaos : with applications to physics, biology, chemistry, and engineering  
260 |b Routledge 
999 |c 85  |d 85 
952 |0 0  |1 0  |4 0  |7 0  |a ABDN  |b ABDN  |d 2026-05-15  |l 0  |p 000058  |r 2026-05-15 06:16:18  |w 2026-05-15  |y BK